Art anatomy
Saved in:
| Hovedforfatter: | |
|---|---|
| Format: | Bog |
| Sprog: | engelsk |
| Udgivet: |
Nueva York
Dover
1962
|
| Fag: | |
| Tags: |
Tilføj Tag
Ingen Tags, Vær først til at tagge denne postø!
|
MARC
| LEADER | 00000nam a2200000 a 4500 | ||
|---|---|---|---|
| 001 | UCT0989 | ||
| 003 | CL-VaPUC | ||
| 008 | 960913e19620000US |||||||||||||||||eng|d | ||
| 082 | 0 | 4 | |a 743.4 |b RIM |2 21 |
| 100 | 0 | |a Rimmer, William |e author |9 369637 | |
| 245 | 1 | 0 | |a Art anatomy |
| 300 | |a 153 p | ||
| 942 | |c BK | ||
| 945 | |d 19960913 00:00:00 |a rleighto | ||
| 260 | |a Nueva York |b Dover |c 1962 | ||
| 650 | 0 | |a Anatomía artística |9 312615 | |
| 650 | 0 | |a Anatomía humana |9 269546 | |
| 650 | 0 | |a Artistas |9 262026 | |
| 650 | 0 | |a Dibujos |9 264123 | |
| 583 | |a last modification |c 19960913 00:00:00 |k Rodrigo Vera | ||
| 999 | |c 251669 |d 251667 | ||
| 952 | |0 0 |1 0 |4 0 |6 743_400000000000000_RIM_1962 |7 0 |8 A |9 270985 |a BIBARQ |b BIBARQ |d 2019-11-19 |i 3230619 |l 1 |o 743.4 RIM 1962 |p 3230619 |r 2025-01-20 |s 2024-03-19 |w 2019-11-19 |y BK |k ARQ | ||